[Event "ACUA Bling"]
[Site "Argentina"]
[Date "2019.12.??"]
[Round "4.3"]
[White "Morelli, Daniel"]
[Black "Frances, Carlos"]
[Result "0-1"]
[WhiteElo "1370"]
[BlackElo "1324"]
[PlyCount "96"]
[EventDate "2019.12.02"]
[EventType "tourn"]
[EventRounds "7"]
[EventCountry "ARG"]
[SourceTitle "EXT 2024"]
[Source "ChessBase"]
[SourceDate "2023.10.10"]
[SourceVersion "1"]
[SourceVersionDate "2023.10.10"]
[SourceQuality "1"]

1. e4 c5 2. Nc3 e6 3. f4 a6 4. a4 d5 5. e5 Nc6 6. Nf3 Nh6 7. h3 Nf5 8. Ne2 Be7 9. Rg1 h5 10. d3 h4 11. Bd2 Qb6 12. Qc1 Bd7 13. a5 Qc7 14. d4 cxd4 15. Ra4 Rc8 16. Nfxd4 Ncxd4 17. Rxd4 Bc5 18. c3 Bxd4 19. Nxd4 Nxd4 20. cxd4 Qxc1+ 21. Bxc1 Rxc1+ 22. Kf2 Rc2+ 23. Kf3 Rxb2 24. Be2 Ke7 25. Rc1 Rc8 26. Re1 Rc3+ 27. Kg4 Rg3+ 28. Kxh4 Rxg2 29. Bf3 Rg6 30. Bh5 Rh6 31. Rg1 g6 32. Kg5 Rxh5+ 33. Kg4 Ra2 34. Rb1 Bb5 35. Rg1 Be2+ 36. Kg3 Ra3+ 37. Kf2 Bb5 38. Rg3 Rxh3 39. Rxh3 Rxh3 40. Kg2 Rd3 41. Kf2 Rxd4 42. Kf3 Ra4 43. Kg4 Rxa5 44. Kg5 Be8 45. Kh6 d4 46. Kg7 d3 47. f5 gxf5 48. Kg8 d2 0-1

[Event "ACUA Bling"]
[Site "Argentina"]
[Date "2019.12.??"]
[Round "2.2"]
[White "Perrone, Gabriel"]
[Black "Frances, Carlos"]
[Result "1-0"]
[WhiteElo "1377"]
[BlackElo "1324"]
[PlyCount "69"]
[EventDate "2019.12.02"]
[EventType "tourn"]
[EventRounds "7"]
[EventCountry "ARG"]
[SourceTitle "EXT 2024"]
[Source "ChessBase"]
[SourceDate "2023.10.10"]
[SourceVersion "1"]
[SourceVersionDate "2023.10.10"]
[SourceQuality "1"]

1. d4 d5 2. c4 Nc6 3. Nc3 dxc4 4. Nf3 Bg4 5. e3 e5 6. Be2 exd4 7. Nxd4 Bxe2 8. Qxe2 Nxd4 9. exd4+ Be7 10. 0-0 Nf6 11. Re1 0-0 12. Qxe7 Re8 13. Qxd8 Raxd8 14. Bd2 c6 15. Rad1 a6 16. a4 b5 17. axb5 cxb5 18. Bg5 Rxe1+ 19. Rxe1 Re8 20. Kf1 Rxe1+ 21. Kxe1 Nd7 22. Nd5 f6 23. Bd2 Kf7 24. Nc7 Nb8 25. Bb4 g6 26. Ke2 Nc6 27. Bc5 a5 28. Nxb5 Ke6 29. Nc3 Nb4 30. Bb6 Nd5 31. Bxa5 Nxc3+ 32. bxc3 Kd5 33. Kf3 f5 34. Kf4 h6 35. h4 1-0